Focus sur: Náin - Tolkien - Statistiques

Statistiques générales
  • Ce quiz a été pris 10 fois
  • Le résultat moyen est 5 sur 8
Statistiques - réponses
Informations recherchées Réponses % Correct
Espèce Nain
100%
Première mention Le Hobbit
80%
Age durant lequel il vécut Troisième
80%
Couleur des cheveux Roux
60%
Maison (lignée) Durin
50%
Contrée Monts de Fer
50%
Fils Dáin II
20%
Père Grór
20%
Aucun quiz correspondant
Distribution des résultats
% des personnes avec chaque résultat
Percentile par nombre de réponses
Votre historique - résultats
Vous n’avez pas pris ce quiz